|
|
|
|
| LEADER |
00000nkm a2200000 a 4500 |
| 001 |
vtls001523252 |
| 003 |
SK-MaSNL |
| 005 |
20260331204459.0 |
| 007 |
kf co |
| 008 |
200701s2004 xo g kzslo |
| 015 |
|
|
|a SNBG2005/04-01087
|
| 040 |
|
|
|a SNK
|b slo
|c SNK
|e AACR2
|
| 041 |
0 |
|
|a slo
|
| 043 |
|
|
|a e-xo---
|
| 044 |
|
|
|a xo
|c SK
|
| 080 |
|
|
|a 75
|x (059)
|x "2005"
|2 MDT-MRF
|
| 080 |
|
|
|a (059)
|2 MDT-MRF
|
| 100 |
1 |
|
|a Mičúchová, Anna
|4 pht
|9 45717
|
| 245 |
1 |
0 |
|a Slovenská moderna 2005
|h grafika
|c foto: Anna Mičúchová, Norbert Grosz
|
| 260 |
|
|
|a [Banská Bystrica]
|b Spektrum Grafik
|c [2004]
|
| 300 |
|
|
|a 1 kalendár ([13] l.)
|b fareb. fotogr.
|c 46 x 48 cm
|
| 500 |
|
|
|a Mesačný kalendár
|
| 500 |
|
|
|a Hrebeňová väzba
|
| 650 |
0 |
7 |
|a výtvarné umenie
|2 SNKPH
|9 723
|
| 655 |
|
7 |
|a nástenné viaclistové kalendáre
|2 SNKPH
|9 302208
|
| 700 |
1 |
|
|a Grosz, Norbert
|4 pht
|9 31597
|
| 958 |
|
|
|a GBN
|
| 999 |
|
|
|c 1162940
|d 1164870
|
| 952 |
|
|
|a SNK
|b SNK
|y PREZ
|7 0
|p 17A0465455
|o snkOSA 748
|i snk2005/5808
|8 0
|0 0
|1 0
|4 0
|d 2005-04-11
|l 0
|r 2026-02-24 20:39:13
|w 2026-02-24
|
| 952 |
|
|
|a SNK
|b SNK
|y VYP
|7 0
|p 17A0465454
|o snkOSA 748 D1
|i snk2005/5810
|8 0
|0 0
|1 0
|4 0
|d 2005-04-11
|l 0
|r 2026-02-24 20:39:13
|w 2026-02-24
|